[Event "Munich"]
[Site "Munich"]
[Date "1990.??.??"]
[Round "?"]
[White "Jussupow, Artur"]
[Black "Brunner, Lucas"]
[Result "1/2-1/2"]
[WhiteElo "2615"]
[BlackElo "2525"]

1.d4 e6 2.Nf3 Nf6 3.Bg5 c5 4.e3 cxd4 5.exd4 b6 6.Bd3 Bb7 7.O-O Be7 8.c4 O-O
9.Nc3 d5 10.Bxf6 Bxf6 11.cxd5 exd5 12.Qb3 Nc6 13.Rad1 Na5 14.Qc2 g6 15.Rfe1 Re8
16.Rxe8+ Qxe8 17.h3 Rc8 18.Re1 Qd8 19.Qe2 Nc4 20.Ne5 Bg7 21.f4 Qh4 22.Rf1 Bh6
23.Bxc4 dxc4 24.Ne4 Qd8 25.d5 Bg7 26.Rd1 b5 27.Qe3 f6 28.Qxa7 Rc7 29.Nf3 Rd7
30.Nc5 Rxd5 31.Re1 Bc8 32.Ne6  1/2-1/2

[Event "Munich"]
[Site "Munich"]
[Date "1990.??.??"]
[Round "?"]
[White "Jussupow, Artur"]
[Black "Bischoff, Klaus"]
[Result "1-0"]
[WhiteElo "2615"]
[BlackElo "2505"]

1.d4 Nf6 2.Nf3 e6 3.Bg5 h6 4.Bxf6 Qxf6 5.e4 d6 6.Nc3 Nd7 7.Qd2 a6 8.O-O-O Qe7
9.Bd3 g6 10.Rhe1 Bg7 11.h4 O-O 12.e5 d5 13.Ne2 c5 14.c3 cxd4 15.Nexd4 Nc5
16.Bb1 Bd7 17.h5 g5 18.Re3 Rfc8 19.Nh2 b5 20.Qc2 g4 21.Nxg4 Qg5 22.Nf6+ Bxf6
23.Nf3 Qg7 24.exf6 Qxf6 25.Ne5 Kf8 26.Nxf7 Ke7 27.Ne5 Kd6 28.Qd2 b4 29.Nc4+ Kc7
30.cxb4 Na4 31.Bc2 Kd8 32.Ne5 Nb6 33.Qd4  1-0

[Event "Munich"]
[Site "Munich"]
[Date "1990.??.??"]
[Round "?"]
[White "Hickl, Joerg"]
[Black "Jussupow, Artur"]
[Result "1/2-1/2"]
[WhiteElo "2500"]
[BlackElo "2615"]

1.e4 e6 2.d4 d5 3.Nc3 Bb4 4.Ne2 dxe4 5.a3 Be7 6.Nxe4 Nc6 7.c3 Nf6 8.N2g3 Nxe4
9.Nxe4 Qd5 10.Qf3 O-O 11.Bf4 Bd8 12.Bd3 Ne7 13.Nd2 Ng6 14.Bg3 f5 15.Qxd5 exd5
16.f4 c6 17.Nf3 Bc7 18.Ne5 Nxe5 19.dxe5 Bd8  1/2-1/2

[Event "Hamburg SKA"]
[Site "Hamburg"]
[Date "1991.??.??"]
[Round "?"]
[White "Jussupow, Artur"]
[Black "Maus, Soenke"]
[Result "1-0"]
[WhiteElo "2605"]
[BlackElo "2400"]

1.d4 Nf6 2.Nf3 c5 3.d5 e6 4.c4 d6 5.Nc3 exd5 6.cxd5 g6 7.Bf4 Bg7 8.e4 O-O
9.Nd2 Na6 10.Be2 Rb8 11.Nc4 Ne8 12.Nb5 Nac7 13.Nbxd6 Nxd6 14.Bxd6 Re8 15.Qd3 b6
16.O-O Ba6 17.Bg3 Bxb2 18.d6 Ne6 19.Rab1 Bd4 20.Qa3 Bb7 21.Qxa7 Bxe4 22.d7 Rf8
23.Qxb8 Qxb8 24.Bxb8 Bxb1 25.Bd6 Bxa2 26.Bxf8 Kxf8 27.Nxb6 Ke7 28.Bb5 Kd8
29.Re1 Kc7 30.Nc4 Bxc4 31.Bxc4 Kxd7 32.g3 Ke7 33.Kg2 Kf6 34.f4 h6 35.Kf3 g5
36.fxg5+ hxg5 37.Kg4 Bc3 38.Rf1+ Ke7 39.Bxe6 Kxe6 40.Kxg5 Bd2+ 41.Kg4 c4
42.Kf3 f5 43.Rd1 Bh6 44.Rd4 c3 45.Rc4 Bd2 46.Ke2 Kf6 47.h3 Kg5 48.Rc6 Kh5
49.Kf2 Kg5 50.Kf3 Kh5 51.h4 f4 52.g4+  1-0

[Event "Hamburg SKA"]
[Site "Hamburg"]
[Date "1991.??.??"]
[Round "?"]
[White "Jussupow, Artur"]
[Black "Piket, Jeroen"]
[Result "1-0"]
[WhiteElo "2605"]
[BlackElo "2550"]

1.d4 Nf6 2.c4 g6 3.Nc3 Bg7 4.e4 d6 5.f3 O-O 6.Bg5 a6 7.Qd2 Nbd7 8.Nh3 c6
9.Nf2 b5 10.Rc1 Bb7 11.b3 Qa5 12.Be2 bxc4 13.bxc4 Rfb8 14.O-O Bc8 15.f4 c5
16.d5 Rb4 17.Qe3 Qc7 18.Qg3 h6 19.Bh4 Rab8 20.Kh1 Nf8 21.e5 N6h7 22.e6 fxe6
23.Bd3 e5 24.Bxg6 exf4 25.Bxh7+ Kxh7 26.Qxf4 Ng6 27.Qe4 Rxc4 28.Qxc4 Rb4
29.Qd3 Rxh4 30.Nfe4 Qd7 31.Rf7 Qg4 32.g3 Rh5 33.Rxe7 Kg8 34.Re8+ Kh7 35.Rf1 Bf5
36.Qe2 Bxe4+ 37.Rxe4 Qg5 38.Rf7 Qc1+ 39.Kg2 Rg5 40.h4 Nxh4+ 41.Rxh4 Qxc3
42.Rg4 Rxg4 43.Qxg4 Qb2+ 44.Kh3 Qe5 45.Qe6 Qg5 46.Ra7  1-0

[Event "Hamburg SKA"]
[Site "Hamburg"]
[Date "1991.??.??"]
[Round "?"]
[White "Jussupow, Artur"]
[Black "Wirthensohn, Heinz"]
[Result "1-0"]
[WhiteElo "2605"]
[BlackElo "2460"]

1.d4 Nf6 2.Nf3 d5 3.Bg5 Ne4 4.Bh4 Qd6 5.Nbd2 Qh6 6.Qc1 Nxd2 7.Qxd2 Qxd2+
8.Kxd2 Bf5 9.e3 e6 10.Be2 Bd6 11.Bg3 h6 12.Bxd6 cxd6 13.a4 Ke7 14.a5 Nd7
15.Rhc1 Rhc8 16.Ne1 Rc7 17.Nd3 Bxd3 18.Bxd3 Rb8 19.Ra3 b6 20.Rca1 b5 21.a6 b4
22.Ra5 Rc6 23.f3 Rcb6 24.h4 Nf6 25.g4 Rh8 26.Rb5 Rhb8 27.Rxb6 Rxb6 28.g5 hxg5
29.hxg5 Nd7 30.Rh1 Rb8 31.Rh7 Rg8 32.c3 bxc3+ 33.Kxc3 Kd8 34.Kb4 Kc7 35.Ka5 Nb6
36.Rh2 Rc8 37.b3 Kd7 38.Rh7 Rg8 39.f4 Ke7 40.Bb5 f6 41.Be2 fxg5 42.fxg5 Nd7
43.Kb5 Nf8 44.Rh2 Nd7 45.Kc6 Rc8+ 46.Kb7 Rb8+ 47.Kxa7 Rxb3 48.Rh8 Nf8 49.Bd1 Rb4
50.Bc2 Rc4 51.Bd3 Rb4 52.g6 e5 53.Bf5 exd4 54.exd4 Rxd4 55.Kb6 Ra4 56.Rg8 Ne6
57.a7  1-0

[Event "Hamburg SKA"]
[Site "Hamburg"]
[Date "1991.??.??"]
[Round "?"]
[White "Kindermann, Stefan"]
[Black "Jussupow, Artur"]
[Result "0-1"]
[WhiteElo "2515"]
[BlackElo "2605"]

1.e4 e5 2.Nf3 Nc6 3.Bb5 a6 4.Ba4 Nf6 5.O-O Be7 6.Re1 b5 7.Bb3 d6 8.c3 O-O
9.h3 Na5 10.Bc2 c5 11.d4 Qc7 12.Nbd2 Rd8 13.d5 c4 14.Nf1 Nb7 15.Ng3 a5 16.Nh2 Nc5
17.f4 b4 18.Nf3 Rb8 19.cxb4 axb4 20.b3 c3 21.f5 Ba6 22.Nh1 Rdc8 23.Nf2 Qa7
24.g4 Nfxe4 25.Bxe4 Nxe4 26.Rxe4 c2 27.Qe1 Qc5 28.a3 Qxd5 29.axb4 Bb7 30.Re3 Bd8
31.Rd3 Qc6 32.b5 Qxb5 33.Nd2 Bb6 34.Re3 Bxe3 35.Qxe3 Qc6 36.Kf1 Qg2+ 37.Ke1 Qg1+
38.Ke2 Bg2 39.Qd3 d5 40.Qg3 e4 41.Qe5 Rxb3  0-1

[Event "Hamburg SKA"]
[Site "Hamburg"]
[Date "1991.??.??"]
[Round "?"]
[White "Mueller, Karsten"]
[Black "Jussupow, Artur"]
[Result "0-1"]
[WhiteElo "2425"]
[BlackElo "2605"]

1.e4 e6 2.d4 d5 3.Nd2 c5 4.Ngf3 Nc6 5.exd5 exd5 6.Be2 cxd4 7.O-O Be7 8.Nb3 Bf6
9.Nbxd4 Nge7 10.c3 O-O 11.Be3 Bg4 12.h3 Bh5 13.Qd2 Bg6 14.Rad1 Re8 15.Rfe1 h6
16.Bd3 Be4 17.Qc2 Qa5 18.Bxe4 dxe4 19.Qxe4 Qxa2 20.Nb5 Red8 21.Ra1 Qxb2 22.Reb1 Qe2
23.Nbd4 Nxd4 24.Nxd4 Qc4 25.Qxb7 Qxc3 26.Rxa7 Rxa7 27.Qxa7 Rxd4 28.Bxd4 Qxd4
29.Qxd4 Bxd4 30.Rb8+ Kh7 31.Rb7 Bf6 32.Kf1 g6 33.Ke2 Kg7 34.Kf3 Nf5 35.g3 h5
36.h4 Bd4 37.Rd7 Kf6 38.Rd5 Bb6 39.Rd2 Ke5 40.Re2+ Kd5 41.Re8 Nh6 42.Rb8 Bc5
43.Rd8+ Ke6 44.Rc8 Kd6 45.Kg2 Ng4 46.f4 Kd5 47.Kf3 Nh6 48.Rd8+ Bd6 49.Rd7 Ke6
50.Ra7 Nf5 51.Ra5 Bb4 52.Ra4 Bc5 53.Ra8 Kd5 54.Rd8+ Bd6 55.Rd7 Ke6 56.Ra7 Nd4+
57.Ke4 Nb3 58.Ra8 Nd2+ 59.Ke3 Nc4+ 60.Kd4 Nb6 61.Ra5 Nd7 62.Ke3 Bc7 63.Rb5 Nc5
64.Kf3 Kd5 65.Ke3 Kc4 66.Rb2 Ba5 67.f5 Bc3 68.Rg2 gxf5 69.Kf4 Kd5 70.Kxf5 Ne4
71.g4 Nd6+ 72.Kf4 Be5+ 73.Kf3 hxg4+ 74.Rxg4 Ke6 75.h5 Nf5 76.Rg1 Kf6 77.Rg8 Nh6
78.Rg1 Kf5 79.Rg2 Bf4 80.Rg1 Bg5 81.Rg2 Bf4 82.Rg1 f6 83.Rg7 Bg5 84.Kg3 Ng4
85.Rg8 Ne5 86.Rg7 Bh6 87.Rg8 Nd3 88.Kh4 Nf4 89.Rh8 Bg5+ 90.Kg3 Ne6 91.Rg8 Bh6
92.Rg6 Bf4+ 93.Kf2 Bg5 94.Rg8 Nf4 95.Rh8 Kg4 96.h6 Kh5 97.h7 Kh6 98.Kf3 Ng6
99.Ra8 Kxh7 100.Kg4 Ne7 101.Kh5 Kg7 102.Ra5 Bf4 103.Ra6 Be5 104.Rb6 Kf7 105.Ra6 Nc8
106.Rc6 Nd6 107.Ra6 Ne4 108.Kg4 Kg6 109.Rc6 Bd6 110.Ra6 f5+ 111.Kf3 Kf6 112.Ke3 Kg5
113.Kf3 Nd2+ 114.Ke2 Bf4 115.Ra4 Kg4 116.Kf2 Ne4+ 117.Kg2 Bd2 118.Rd4 Bc3
119.Rd8 f4 120.Rd3 Bd2 121.Ra3 Bc3 122.Ra4 f3+ 123.Kf1 Kf4 124.Ra8 Bb4 125.Ra4 Ke3
126.Rxb4 Nd2+  0-1

[Event "Hamburg SKA"]
[Site "Hamburg"]
[Date "1991.??.??"]
[Round "?"]
[White "Wahls, Matthias"]
[Black "Jussupow, Artur"]
[Result "1/2-1/2"]
[WhiteElo "2560"]
[BlackElo "2605"]

1.e4 e6 2.d4 d5 3.Nd2 c5 4.exd5 exd5 5.Ngf3 Nc6 6.Bb5 Bd6 7.O-O Ne7 8.dxc5 Bxc5
9.Nb3 Bd6 10.Bxc6+ bxc6 11.Qd4 O-O 12.Bf4 Nf5 13.Qa4 a5 14.Rfe1 Be6 15.Rad1 c5
16.Bxd6 Qxd6 17.c4 d4 18.Qa3 Rfc8 19.Nfd2 Qb6 20.Re5 Nd6 21.Rxc5 Nxc4 22.Nxc4 Bxc4
23.Rxc8+ Rxc8 24.Nxd4 Rd8 25.Qa4 Bxa2 26.Qxa2  1/2-1/2

[Event "Baden-Baden"]
[Site "Baden-Baden"]
[Date "1992.??.??"]
[Round "3"]
[White "Lobron, Eric"]
[Black "Jussupow, Artur"]
[Result "1/2-1/2"]
[WhiteElo "2625"]
[BlackElo "2640"]

1.d4 d5 2.c4 c6 3.Nc3 Nf6 4.e3 g6 5.Nf3 Bg7 6.Bd3 O-O 7.h3 Nbd7 8.cxd5 Nxd5
9.Nxd5 cxd5 10.Qb3 e5 11.Qxd5 exd4 12.Nxd4 Ne5 13.Be4 Nd3+ 14.Ke2 Nxc1+ 15.Raxc1 Qb6
16.Qc5 Qxb2+ 17.Rc2 Qb6 18.Qxb6 axb6 19.Nb5 Bd7 20.Nc7 Ra5 21.Rb1 b5 22.Rd1 Bc8
23.g4 b4 24.Nd5 Be6 25.Nxb4 Ra4 26.Rb1 b5 27.Bd3 Rb8 28.Nc6 Rba8 29.Rxb5 Rxa2
30.Rxa2 Rxa2+ 31.Kf3 Rb2 32.Ra5 Ra2 33.Rxa2 Bxa2 34.Ke4 Be6 35.Nd4 Bc8 36.Bc4 h5
37.gxh5 gxh5 38.Nf5 Bf8 39.f4 Bxf5+ 40.Kxf5 Be7 41.e4 Kg7 42.e5 Bd8 43.Be2 h4
44.Bc4 Ba5  1/2-1/2

[Event "Baden-Baden"]
[Site "Baden-Baden"]
[Date "1992.??.??"]
[Round "4"]
[White "Jussupow, Artur"]
[Black "Wahls, Matthias"]
[Result "1/2-1/2"]
[WhiteElo "2640"]
[BlackElo "2540"]

1.d4 Nf6 2.c4 g6 3.Nf3 Bg7 4.g3 c5 5.Bg2 cxd4 6.Nxd4 O-O 7.O-O Nc6 8.Nc3 d6
9.Nxc6 bxc6 10.Bxc6 Rb8 11.Bg2 Qa5 12.Nb5 Bb7 13.Bxb7 Rxb7 14.Bd2 Qa6 15.Bc3 Rc8
16.a4 Rxc4 17.b3 Rc8 18.Rc1 Ne4 19.Bxg7 Rxc1  1/2-1/2

[Event "GER CupT"]
[Site "Germany"]
[Date "1992.??.??"]
[Round "?"]
[White "Tischbierek, Raj"]
[Black "Jussupow, Artur"]
[Result "1/2-1/2"]
[WhiteElo "2485"]
[BlackElo "2655"]

1.e4 e5 2.Nf3 Nf6 3.Nxe5 d6 4.Nf3 Nxe4 5.d4 d5 6.Bd3 Nc6 7.O-O Be7 8.c4 Nb4
9.Be2 O-O 10.Nc3 Bf5 11.a3 Nxc3 12.bxc3 Nc6 13.cxd5 Qxd5 14.c4 Qd6 15.d5 Ne5
16.Nd4 Bd7 17.a4 Rfe8 18.Nb5 Bxb5 19.axb5 Nd7 20.Ra3 Bf6 21.Re3 Nc5 22.Bd3 Rxe3
23.Bxe3 g6 24.g3 a5 25.bxa6 Rxa6 26.Qc2 Ra3 27.Be2 b6 28.Rb1 h5 29.Kg2 h4
30.Bxc5 Qxc5 31.Rb3 Rxb3 32.Qxb3 Bd4 33.Qf3 hxg3 34.hxg3 Qe7 35.Bd3  1/2-1/2

[Event "GER CupT"]
[Site "Germany"]
[Date "1992.??.??"]
[Round "?"]
[White "Pirrot, Dieter"]
[Black "Jussupow, Artur"]
[Result "0-1"]
[WhiteElo "2380"]
[BlackElo "2655"]

1.e4 e6 2.d4 d5 3.Nd2 c5 4.exd5 exd5 5.Ngf3 Nc6 6.Bb5 Bd6 7.dxc5 Bxc5 8.O-O Ne7
9.Nb3 Bd6 10.Bxc6+ bxc6 11.Qd4 O-O 12.Bf4 Nf5 13.Qa4 a5 14.Rfe1 Be6 15.Rad1 c5
16.Bxd6 Qxd6 17.c4 d4 18.Qa3 Rfc8 19.Re5 a4 20.Nxc5 Nh4 21.Rde1 Nxf3+ 22.Qxf3 Bxc4
23.Qxa8 Rxa8 24.Re8+ Rxe8 25.Rxe8+ Qf8 26.Rxf8+ Kxf8 27.f3 d3 28.Ne4 f5 29.Nc3 d2
30.Kf2 f4 31.b3 axb3 32.axb3 Bd3 33.g3 g5 34.h4 h6 35.hxg5 hxg5 36.gxf4 gxf4  0-1

[Event "GER CupT"]
[Site "Germany"]
[Date "1992.??.??"]
[Round "?"]
[White "Banaszek, Marcin"]
[Black "Jussupow, Artur"]
[Result "0-1"]
[WhiteElo "2295"]
[BlackElo "2655"]

1.c4 e5 2.Nc3 Nc6 3.g3 g6 4.Bg2 Bg7 5.Rb1 a5 6.d3 d6 7.a3 f5 8.e3 Nf6 9.Nge2 O-O
10.O-O Kh8 11.b4 axb4 12.axb4 g5 13.f4 h6 14.d4 gxf4 15.dxe5 dxe5 16.Qxd8 Rxd8
17.gxf4 e4 18.Nb5 Be6 19.Nxc7 Bxc4 20.Nxa8 Bxe2 21.Nc7 Bxf1 22.Bxf1 Rd1 23.Kf2 Ng4+
24.Ke2 Nxe3 25.Ne6 Rxf1 26.Nxg7 Kxg7 27.b5 Na5 28.Kxe3 Kf7 29.Kd4 Rxc1  0-1

[Event "Groningen"]
[Site "Groningen"]
[Date "1992.??.??"]
[Round "7"]
[White "Jussupow, Artur"]
[Black "Klovans, Janis"]
[Result "1-0"]
[WhiteElo "2640"]
[BlackElo "2470"]

1.d4 Nf6 2.Nf3 d5 3.c4 e6 4.Nc3 Be7 5.Bg5 O-O 6.Rc1 h6 7.Bh4 b6 8.cxd5 Nxd5
9.Nxd5 exd5 10.Bxe7 Qxe7 11.g3 Be6 12.Bg2 Rc8 13.O-O c5 14.dxc5 bxc5 15.Ne5 Nd7
16.Nd3 Rab8 17.b3 d4 18.Nf4 Bf5 19.Re1 Nf6 20.e4 dxe3 21.Rxe3 Qc7 22.Qe1 Qb6
23.Re7 a5 24.Qe5 Bh7 25.Re1 Rf8 26.Bd5 a4 27.Bc4 axb3 28.axb3 Qb4 29.h3 Bc2
30.Re3 Rbd8 31.Qc7 Rd1+ 32.Kg2 Kh8 33.Rxf7 Rxf7 34.Qxf7  1-0

[Event "Mephisto-GM-Turnier"]
[Site "Altensteig"]
[Date "1993.??.??"]
[Round "6"]
[White "Bezold, Michael"]
[Black "Jussupow, Artur"]
[Result "1/2-1/2"]
[WhiteElo "2490"]
[BlackElo "2630"]

1.g3 d5 2.Bg2 c6 3.Nf3 Bg4 4.O-O Nd7 5.d4 e6 6.Nbd2 f5 7.c4 Bd6 8.Qb3 Rb8
9.Qe3 Qe7 10.Ng5 Nf8 11.Ndf3 h6 12.Nh3 g5 13.Ne5 Nf6 14.cxd5 Nxd5 15.Qd3 Bxe5
16.dxe5 Rd8 17.Qc4 Nd7 18.f3 Bxh3 19.Bxh3 O-O 20.f4 g4 21.Bg2 Qc5+ 22.Qxc5 Nxc5
23.Rd1 Kf7 24.Kf2 h5 25.Be3 Nxe3 26.Kxe3 Ke7 27.Rac1 Rxd1 28.Rxd1 h4 29.gxh4 Rh8  1/2-1/2

[Event "Mephisto-GM-Turnier"]
[Site "Altensteig"]
[Date "1993.??.??"]
[Round "8"]
[White "Romanishin, Oleg M"]
[Black "Jussupow, Artur"]
[Result "1/2-1/2"]
[WhiteElo "2615"]
[BlackElo "2630"]

1.d4 d5 2.c4 e6 3.Nf3 Nf6 4.g3 Bb4+ 5.Bd2 Be7 6.Bg2 O-O 7.O-O c6 8.Nc3 Nbd7
9.Rc1 dxc4 10.e4 b5 11.Qe2 a6 12.a3 Bb7 13.Rfd1 a5 14.Qe1 Nb6 15.Rb1 b4 16.Na2 c5
17.dxc5 Nbd7 18.axb4 Bxe4 19.Rbc1 Bd5 20.Bg5 Qe8 21.Nd4 axb4 22.Nxb4 Bxc5
23.Nxd5 exd5 24.Nf5 Qxe1+ 25.Rxe1 Ra2 26.Rc2 h6 27.Be3 Bxe3 28.Nxe3 Nb6 29.Rd1 Rb8
30.h4 h5 31.Nxd5 Nbxd5 32.Bxd5 Rbxb2 33.Rxb2 Rxb2 34.Bxc4 g6 35.Bd5 Ng4 36.Rf1 Kg7
37.Bf3 Ne5 38.Kg2 Rd2 39.Rc1 Nd3 40.Rf1 f5 41.Kg1 Kf6 42.Bg2 Ne5 43.f4 Ng4
44.Bf3 Rd3 45.Kh1 Re3 46.Bxg4 fxg4  1/2-1/2

[Event "Mephisto-GM-Turnier"]
[Site "Altensteig"]
[Date "1993.??.??"]
[Round "10"]
[White "Stangl, Markus"]
[Black "Jussupow, Artur"]
[Result "1/2-1/2"]
[WhiteElo "2525"]
[BlackElo "2630"]

1.c4 e6 2.g3 d5 3.Bg2 g6 4.Nf3 Bg7 5.d4 Nc6 6.cxd5 exd5 7.Nc3 Nge7 8.O-O O-O
9.b3 Bg4 10.e3 Qd7 11.Ba3 Rfe8 12.Rc1 Rac8 13.Qd3 Bf5 14.Qd2 Bh3 15.Bxh3 Qxh3
16.Qd3 a6 17.Rc2 Rcd8 18.Na4 Qc8 19.Nc5  1/2-1/2

[Event "GER CupT"]
[Site "Germany"]
[Date "1993.??.??"]
[Round "?"]
[White "Jussupow, Artur"]
[Black "Wahls, Matthias"]
[Result "1/2-1/2"]
[WhiteElo "2645"]
[BlackElo "2525"]

1.d4 Nf6 2.c4 g6 3.Nc3 Bg7 4.e4 O-O 5.Bg5 d6 6.Qd2 c5 7.d5 b5 8.cxb5 a6 9.a4 Qa5
10.f3 Nbd7 11.Ra3 Qb4 12.Na2 Qxd2+ 13.Bxd2 axb5 14.Bxb5 Ba6 15.Bxa6 Rxa6
16.Bc3 Rfa8 17.b3 c4 18.a5 cxb3 19.Rxb3 Nc5 20.Rb5 Nfd7 21.Ne2 Bxc3+ 22.Naxc3 Rxa5
23.Rxa5 Rxa5 24.Kf2 Kg7 25.g4 Ne5 26.g5 h6 27.h4 Ra3 28.Rb1 hxg5 29.hxg5 Na4
30.Nxa4 Rxa4 31.Rb7 Ra3 32.Ng1 Nd3+ 33.Kg3 Nc5 34.Rb4 e6 35.dxe6 Nxe6 36.Nh3 Ra5
37.f4 d5 38.f5 Nxg5 39.Nxg5 dxe4  1/2-1/2

[Event "Bundesliga 9293"]
[Site "Germany"]
[Date "1993.??.??"]
[Round "?"]
[White "Gabriel, Christian"]
[Black "Jussupow, Artur"]
[Result "1/2-1/2"]
[WhiteElo "2500"]
[BlackElo "2645"]

1.e4 e6 2.d4 d5 3.Nd2 c5 4.exd5 exd5 5.Ngf3 Nc6 6.Bb5 Bd6 7.dxc5 Bxc5 8.O-O Ne7
9.Nb3 Bd6 10.Nbd4 O-O 11.Be3 Bg4 12.h3 Bh5 13.Qd2 Rc8 14.Rfe1 Qc7 15.c3 Rfe8
16.Be2 Qd7 17.Rad1 a6 18.Bf4 Nxd4 19.Nxd4 Bxe2 20.Rxe2 Bc5 21.Nf3 Ba7 22.Be3  1/2-1/2

[Event "GER-FRA"]
[Site "Kaufbeuren"]
[Date "1993.??.??"]
[Round "3"]
[White "Jussupow, Artur"]
[Black "Bricard, Emmanuel"]
[Result "1-0"]
[WhiteElo "2630"]
[BlackElo "2440"]

1.d4 Nf6 2.Nf3 c5 3.d5 g6 4.Nc3 Bg7 5.e4 O-O 6.Bd3 d6 7.h3 e6 8.O-O exd5
9.exd5 Na6 10.Bf4 Nc7 11.Bc4 a6 12.a4 Rb8 13.a5 b5 14.axb6 Rxb6 15.Bb3 Rb4
16.Bh2 Re8 17.Nd2 Rd4 18.Ne2 Rh4 19.c4 Ne4 20.Nf3 Rh5 21.Ba4 Re7 22.Ng3 Rh6
23.Re1 f5 24.Qc2 Nxg3 25.Bxg3 g5 26.Rxe7 Qxe7 27.Re1 Qd8 28.h4 g4 29.Nd2 Qf6
30.Qb3 Qd8 31.Bf4 Qxh4 32.Bxh6 Qxh6 33.Qb8 Qxd2 34.Qxc8+ Bf8 35.Rf1 g3 36.Qxf5 Bg7
37.Qc8+ Bf8 38.Qg4+  1-0

[Event "Oviedo rapid"]
[Site "Oviedo"]
[Date "1993.??.??"]
[Round "2"]
[White "Jussupow, Artur"]
[Black "Skripchenko, Almira"]
[Result "1-0"]
[WhiteElo "2630"]
[BlackElo "2165"]

1.d4 d5 2.c4 c6 3.Nf3 Nf6 4.Nc3 e6 5.cxd5 exd5 6.Bg5 Be7 7.e3 Nbd7 8.Bd3 Nf8
9.O-O Bg4 10.Rb1 Ne6 11.Bxf6 Bxf6 12.b4 O-O 13.Be2 Bf5 14.Rc1 a6 15.Na4 Kh8
16.Nc5 Nxc5 17.bxc5 Qe7 18.Nd2 Rfe8 19.Nb3 a5 20.Bd3 Bd7 21.Rb1 Bg5 22.Nc1 Rab8
23.Qc2 Bg4 24.Bf5 Bxf5 25.Qxf5 g6 26.Qf3 f5 27.Nd3 Rf8 28.Rb3 Qg7 29.Rfb1 f4
30.exf4 Qxd4 31.Qe3 Qxe3 32.fxe3 Bf6 33.Rxb7 Rxb7 34.Rxb7 Re8 35.Kf2 d4 36.Ne5 Bxe5
37.fxe5 d3 38.Rc7 Rxe5 39.Rxc6 Kg7 40.a3 d2 41.Rd6 Rxc5 42.Rxd2 Rc3 43.a4 Ra3
44.Rd4 Kf6 45.h4 h6 46.Rc4 g5 47.h5 Ra1 48.Kf3 Ra2 49.g4 Ra1 50.Ke4 Ra3 51.Kd4 Ra1
52.Kc5 Rb1 53.Re4 Rb3 54.Kc6 Rb4 55.Rd4 Rb3 56.Rd6+ Ke5  1-0

[Event "Oviedo rapid"]
[Site "Oviedo"]
[Date "1993.??.??"]
[Round "3"]
[White "Averbakh, Yuri L"]
[Black "Jussupow, Artur"]
[Result "1/2-1/2"]
[WhiteElo "2445"]
[BlackElo "2630"]

1.c4 e5 2.g3 Nc6 3.Bg2 g6 4.e3 Bg7 5.Nc3 d6 6.d3 f5 7.Nge2 Nf6 8.f4 O-O 9.O-O Kh8
10.Rb1 a5 11.a3 h6 12.b4 axb4 13.axb4 g5 14.b5 Ne7 15.Bd2 Ng6 16.Ra1 Rxa1
17.Qxa1 exf4 18.exf4 gxf4 19.Nxf4 Nxf4 20.Rxf4 Ng4 21.h3 Ne5 22.Qf1 Ng6 23.Rf3 c6
24.bxc6 bxc6 25.Kh2 d5 26.cxd5 cxd5 27.d4 h5 28.Qb5 h4 29.Qc5 Be6 30.Ne2 Qb8
31.Qb4 Qxb4 32.Bxb4 Rb8 33.Bc5 Bh6 34.Bd6 Rb6 35.Nf4 hxg3+ 36.Kxg3 Rxd6 37.Nxg6+ Kg7
38.Nf4 Bf7  1/2-1/2

[Event "Oviedo rapid"]
[Site "Oviedo"]
[Date "1993.??.??"]
[Round "4"]
[White "Jussupow, Artur"]
[Black "Kovacevic, Slobodan"]
[Result "1-0"]
[WhiteElo "2630"]
[BlackElo "2435"]

1.d4 Nf6 2.c4 e6 3.Nc3 c5 4.d5 exd5 5.cxd5 d6 6.e4 g6 7.f3 Bg7 8.Nge2 O-O
9.Ng3 Re8 10.Be2 a6 11.a4 Nbd7 12.O-O Rb8 13.Bg5 h6 14.Be3 Nh7 15.Qd2 h5
16.Rae1 Ne5 17.h3 h4 18.Nh1 f5 19.Nf2 Bd7 20.f4 Nf7 21.Bd3 b5 22.axb5 axb5
23.b4 c4 24.Bc2 Ra8 25.Bd4 Bh6 26.exf5 gxf5 27.Re6 Rxe6 28.dxe6 Bxe6 29.Qe2 Qd7
30.Re1 Nf8 31.Bxf5 Bxf5 32.Nd5 Nh7 33.Qh5 Re8 34.Rxe8+ Qxe8 35.Qxf5 Bg7 36.Qg6 Qe1+
37.Kh2 Ne5 38.fxe5 dxe5 39.Ne7+ Kf8 40.Bc5  1-0

[Event "Oviedo rapid"]
[Site "Oviedo"]
[Date "1993.??.??"]
[Round "11"]
[White "Plaskett, Jim"]
[Black "Jussupow, Artur"]
[Result "0-1"]
[WhiteElo "2470"]
[BlackElo "2630"]

1.e4 e5 2.Nf3 Nf6 3.d3 Nc6 4.g3 Bc5 5.Bg2 d6 6.c3 a5 7.O-O O-O 8.Nbd2 Be6
9.Qe2 Qd7 10.Nc4 h6 11.Rd1 Ba7 12.Ne3 Rfe8 13.Nh4 d5 14.Nef5 Ne7 15.g4 Rad8
16.Be3 Bxe3 17.fxe3 Ng6 18.exd5 Nxd5 19.h3 Nxh4 20.Nxh4 Qe7 21.Nf3 Qc5 22.d4 exd4
23.cxd4 Qb6 24.Qf2 Nf6 25.Ne5 c5 26.a3 Bd5 27.Rac1 Bxg2 28.Kxg2 Qb3 29.Qc2 Qxe3
30.Nc4 Qg5 31.dxc5 Rxd1 32.Rxd1 Qxc5 33.Qd3 h5 34.Qd4 Qc6+ 35.Kg1 Qf3 36.Qd3 Re1+  0-1

[Event "Oviedo rapid"]
[Site "Oviedo"]
[Date "1993.??.??"]
[Round "12"]
[White "Jussupow, Artur"]
[Black "Gomez Esteban, Juan Mario"]
[Result "1/2-1/2"]
[WhiteElo "2630"]
[BlackElo "2450"]

1.d4 Nf6 2.c4 e6 3.Nc3 Bb4 4.e3 c5 5.Bd3 Nc6 6.Nf3 Bxc3+ 7.bxc3 d6 8.O-O O-O
9.e4 e5 10.h3 h6 11.Be3 b6 12.d5 Ne7 13.Kh2 g5 14.Ng1 Nh7 15.Ne2 f5 16.exf5 Bxf5
17.Ng3 Bg6 18.Qc2 Bxd3 19.Qxd3 Qd7 20.a4 Nf5 21.a5 Nxg3 22.Kxg3 Nf6 23.Kh2 e4
24.Qb1 Rab8 25.axb6 Rxb6 26.Qc2 Rfb8 27.Ra2 Qe7 28.f4 exf3 29.Qg6+ Qg7 30.Qxg7+ Kxg7
31.Rxa7+ R8b7 32.Rxb7+ Rxb7 33.Rxf3 Rb2 34.Bg1 Re2 35.Rf1 Re4 36.Kh1 Rxc4
37.Bh2 Ne4 38.Re1 h5 39.g4 hxg4 40.hxg4 Kg6 41.Kg2 Ra4 42.Re2  1/2-1/2

[Event "Donner mem-A"]
[Site "Amsterdam"]
[Date "1994.??.??"]
[Round "5"]
[White "Jussupow, Artur"]
[Black "Piket, Jeroen"]
[Result "1/2-1/2"]
[WhiteElo "2655"]
[BlackElo "2640"]

1.d4 Nf6 2.c4 e5 3.dxe5 Ng4 4.Nf3 Bc5 5.e3 Nc6 6.Be2 Ngxe5 7.Nbd2 O-O 8.O-O Re8
9.Nxe5 Nxe5 10.Nf3 Qf6 11.Nxe5 Qxe5 12.Rb1 a5 13.Bd2 Ra6 14.Bc3 Qe7 15.Bd3 Qh4
16.Qf3 Rh6  1/2-1/2

[Event "Garmisch"]
[Site "Garmisch"]
[Date "1994.??.??"]
[Round "2"]
[White "Brunner, Lucas"]
[Black "Jussupow, Artur"]
[Result "1/2-1/2"]
[WhiteElo "2525"]
[BlackElo "2655"]

1.e4 e5 2.Nf3 Nf6 3.Nxe5 d6 4.Nf3 Nxe4 5.d4 d5 6.Bd3 Nc6 7.O-O Be7 8.c4 Nf6
9.Nc3 O-O 10.cxd5 Nxd5 11.Be4 Be6 12.a3 Bf6 13.Be3 Re8 14.Qd3 g6 15.Rad1 Qd6
16.Bc1 Nxc3 17.bxc3 Bc4 18.Qxc4 Rxe4 19.Rfe1 Rae8 20.Rxe4 Rxe4 21.h3 Na5
22.Qb4 b6 23.Bh6 Bg7 24.Be3 Re8 25.Nd2 Bf8 26.Qxd6 Bxd6 27.a4 f5 28.Nf1 Nc4
29.Bc1 Kf7 30.Ne3 Nxe3 31.fxe3 c6 32.c4 h5 33.Kf2 a6 34.Bd2 b5 35.axb5 axb5
36.Kf3 bxc4 37.Rc1 Ke6 38.Rxc4 Kd5 39.Rc2 h4 40.Be1 g5 41.Bf2 Re4 42.Ra2 g4+
43.Ke2 c5 44.dxc5 Bxc5 45.hxg4 fxg4 46.Bxh4 Rxe3+ 47.Kf1 Rb3 48.Bf2 Bxf2
49.Kxf2  1/2-1/2

[Event "Garmisch"]
[Site "Garmisch"]
[Date "1994.??.??"]
[Round "7"]
[White "Kindermann, Stefan"]
[Black "Jussupow, Artur"]
[Result "1-0"]
[WhiteElo "2560"]
[BlackElo "2655"]

1.e4 e5 2.Nf3 Nf6 3.d4 Nxe4 4.Bd3 d5 5.Nxe5 Nd7 6.Nxd7 Bxd7 7.O-O Be7 8.c4 Nf6
9.Nc3 Be6 10.c5 O-O 11.Bf4 c6 12.b4 Qd7 13.Re1 Rfe8 14.Qc2 g6 15.h3 Nh5 16.Be5 Bg5
17.b5 Nf4 18.Bf1 Bf5 19.Qd1 f6 20.Bd6 Rxe1 21.Qxe1 Re8 22.Qd1 h5 23.a4 h4
24.Kh1 Re6 25.Kg1 Rxd6 26.cxd6 Qxd6 27.bxc6 bxc6 28.Qb3 Ne6 29.Rd1 Qc7 30.Bd3 Bxd3
31.Rxd3 Bh6 32.Rd1 Bf8 33.Ne2 Qd6 34.Rc1 c5 35.dxc5 Qe5 36.Qc2 Kh7 37.c6 Bd6
38.Kf1 d4 39.Qd3 f5 40.Qf3 Bc7 41.Rd1 Kh6 42.Ng1 Qc5 43.Qb3 Qxc6 44.Nf3 Bb6
45.Nxh4 Nf4 46.Nf3 d3 47.Qg8 Qc3 48.Qf8+ Kh5 49.g4+ fxg4 50.Qxf4  1-0

[Event "Moscow ol (Men)"]
[Site "Moscow"]
[Date "1994.??.??"]
[Round "1"]
[White "Jussupow, Artur"]
[Black "Dutreeuw, Marc"]
[Result "1/2-1/2"]
[WhiteElo "2655"]
[BlackElo "2410"]

1.d4 d5 2.c4 e6 3.Nc3 Be7 4.Nf3 Nf6 5.Bg5 h6 6.Bh4 O-O 7.Rc1 b6 8.cxd5 Nxd5
9.Nxd5 exd5 10.Bxe7 Qxe7 11.g3 Bf5 12.Bg2 Be4 13.O-O c5 14.dxc5 bxc5 15.Nh4 Nd7
16.Bxe4 Qxe4 17.Qc2 Rfe8 18.Rfd1 Nf6 19.e3 Rab8 20.b3 Rbc8 21.Qxe4 Rxe4 22.Nf5 Rc7
23.Rc2 Kf8 24.Nd4 a6 25.Rdc1 Nd7 26.Ne2 c4 27.Nc3 cxb3 28.axb3 Re5 29.Ne2 Rxc2
30.Rxc2 Re6 31.Nd4 Rb6 32.Nf5 Kg8 33.Rc8+ Kh7 34.Nd4 Kg6 35.Rc7 Nf8 36.Rc6+ Rxc6
37.Nxc6 Nd7 38.Ne7+ Kf6 39.Nxd5+ Ke5 40.Nc3 a5 41.Na2 Kd5 42.Kf1 Kc5 43.Ke2 f5
44.Kd1 Nf6 45.Nc1 g5 46.Nd3+ Kd5 47.Ke2 g4 48.f3 h5 49.Nf4+ Kc5 50.Ne6+ Kb4
51.Nd4 Nd7 52.fxg4 hxg4 53.Kd2 Ne5 54.Kc2 Nf3 55.Nxf5 Nxh2 56.Kb2 Nf3 57.e4 Ne5
58.Ne3 Nd3+ 59.Kc2 Ne1+ 60.Kb2 Nd3+ 61.Kc2 Ne1+ 62.Kb2  1/2-1/2

[Event "Munich Express"]
[Site "Munich"]
[Date "1994.??.??"]
[Round "?"]
[White "King, Daniel J"]
[Black "Jussupow, Artur"]
[Result "0-1"]
[WhiteElo "2455"]
[BlackElo "2665"]

1.g3 d5 2.Bg2 Nf6 3.d3 c6 4.Nf3 Bg4 5.Nbd2 Nbd7 6.h3 Bh5 7.O-O e5 8.e4 dxe4
9.dxe4 Be7 10.Qe1 O-O 11.Nh4 Re8 12.Nf5 Bf8 13.a4 Nc5 14.Nc4 b5 15.axb5 cxb5
16.Na5 Ne6 17.Be3 Qc7 18.Qb1 Nc5 19.f3 Bg6 20.Nh4 Na4 21.Nb3 Red8 22.Nxg6 hxg6
23.c3 Nd7 24.Qc2 Ndb6 25.Rae1 Nc4 26.Bc1 a5 27.Kh1  0-1